Valles de Benavente : (Record no. 183993)
[ view plain ]
| 000 -LEADER | |
|---|---|
| campo de control de longitud fija | 01378nam a2200301 i 4500 |
| 001 - NÚMERO DE CONTROL | |
| campo de control | 183993 |
| 003 - IDENTIFICADOR DE NÚMERO DE CONTROL | |
| campo de control | ES-MaACL |
| 005 - FECHA Y HORA DE LA ÚLTIMA TRANSACCIÓN | |
| campo de control | 20250729063247.0 |
| 008 - DATOS DE LONGITUD FIJA--INFORMACIÓN GENERAL | |
| campo de control de longitud fija | 150128s2007 sp aco c |||| |dspa d |
| 020 ## - NÚMERO INTERNACIONAL ESTÁNDAR DEL LIBRO | |
| Número Internacional Estándar del Libro | 84-935455-3-6 |
| 080 ## - NÚMERO DE LA CLASIFICACIÓN DECIMAL UNIVERSAL | |
| Número de la Clasificación Decimal Universal | 738/739(460.184 Benavente)(083.824) |
| 080 ## - NÚMERO DE LA CLASIFICACIÓN DECIMAL UNIVERSAL | |
| Número de la Clasificación Decimal Universal | 745/749(460.184 Benavente)(083.824) |
| 245 00 - MENCIÓN DEL TÍTULO | |
| Título | Valles de Benavente : |
| Resto del título | artesanía de jubilados (II) : exposición / |
| Mención de responsabilidad, etc. | [autor de los textos, de las fotografías y coordinador de la exposición], Emiliano Pérez Mencía |
| 246 1# - FORMA VARIANTE DEL TITULO | |
| Título propio/Titulo breve | Artesanía de jubilados. |
| Número de parte o sección de la obra | 2 |
| 260 ## - PUBLICACIÓN, DISTRIBUCIÓN, ETC. | |
| Lugar de publicación, distribución, etc. | Benavente : |
| Nombre del editor, distribuidor, etc. | Centro de Estudios Benaventanos "Ledo del Pozo", |
| Fecha de publicación, distribución, etc. | 2007. |
| 300 ## - DESCRIPCIÓN FÍSICA | |
| Extensión | 67 páginas : |
| Otras características físicas | ilustraciones (color) ; |
| Dimensiones | 24 cm |
| 490 1# - MENCIÓN DE SERIE | |
| Mención de serie | Exposiciones y catálogos ; |
| Designación de volumen o secuencia | 14 |
| 650 #4 - PUNTO DE ACCESO ADICIONAL DE MATERIA--TÉRMINO DE MATERIA | |
| Término de materia o nombre geográfico como elemento de entrada | Artesanía- |
| Subdivisión geográfica | Zamora (Provincia) |
| 9 (RLIN) | 156247 |
| 655 #7 - TERMINO DE INDIZACIÓN--GENERO/FORMA | |
| Datos o término principal de género/forma | Catálogos de exposiciones |
| Fuente del término | tgfbne |
| 9 (RLIN) | 193628 |
| 700 1# - ENTRADA AGREGADA--NOMBRE PERSONAL | |
| Nombre de persona | Pérez Mencía, Emiliano, |
| Fechas asociadas al nombre | 1942- |
| Término indicativo de función/relación | Autor |
| 9 (RLIN) | 156182 |
| 710 2# - ENTRADA AGREGADA--NOMBRE DE ENTIDAD CORPORATIVA | |
| Nombre de entidad corporativa o nombre de jurisdicción como elemento de entrada | Centro de Estudios Benaventanos "Ledo del Pozo" |
| Término indicativo de función/relación | Editor |
| 9 (RLIN) | 144530 |
| 830 #0 - PUNTO DE ACCESO ADICIONAL DE SERIE-TÍTULO UNIFORME | |
| Título uniforme | Exposiciones y catálogos ; |
| Designación de volumen o secuencia | 14 |
| 9 (RLIN) | 187714 |
| 852 ## - LOCALIZACIÓN | |
| Ubicación | ES-MaACL |
| Sublocalización o colección | R.150342 |
| Ubicación en estantería | Depósito 1 |
| Signatura antigua | Olim: N-6345 |
| Donativo/Legado | Donativo Centro de Estudios Benaventanos "Ledo del Pozo" |
| Número de control de estantería | A-13345 |
| itemnumber | 190958 |
| 914 ## - NOMBRE ENTIDAD DE DONANTE | |
| RLIN | 144530 |
| Nombre de congreso/reunión o jurisdicción como elemento de entrada | Centro de Estudios Benaventanos "Ledo del Pozo" |
| Unidad subordinada | Donante |
| 942 ## - ELEMENTOS DE ENTRADA SECUNDARIOS (KOHA) | |
| Fuente del sistema de clasificación o colocación | Clasificación decimal universal |
| Tipo de ítem Koha | Libro impreso |
| Suprimir en OPAC | No |
| Estatus retirado | Estado de pérdida | Fuente del sistema de clasificación o colocación | Estado de daño | No para préstamo | Biblioteca de origen | Biblioteca actual | Ubicación en estantería | Fecha de adquisición | Fuente de adquisición | Total de préstamos | Signatura topográfica completa | Código de barras | Visto por última vez | Tipo de ítem Koha |
|---|---|---|---|---|---|---|---|---|---|---|---|---|---|---|
| Clasificación decimal universal | Biblioteca del Ateneo de Madrid | Biblioteca del Ateneo de Madrid | Depósito 1 | 28/01/2015 | Donación | A-13345 | 1193479 | 23/02/2023 | Libro impreso |
